[Event "Aragon-chT Honor Gr II"]
[Site "Aragon"]
[Date "2021.04.17"]
[Round "5.16"]
[White "Villuendas Valero, Adrian"]
[Black "Ciriano Lamban, Alejandro"]
[Result "1-0"]
[WhiteElo "2249"]
[BlackElo "2030"]
[PlyCount "93"]
[EventDate "2021.03.13"]
[EventType "team-tourn"]
[EventRounds "7"]
[EventCountry "ESP"]
[SourceTitle "EXT 2024"]
[Source "ChessBase"]
[SourceDate "2023.10.10"]
[SourceVersion "1"]
[SourceVersionDate "2023.10.10"]
[SourceQuality "1"]
[WhiteTeam "El Olivar"]
[BlackTeam "Marcos Frechin"]
[WhiteTeamCountry "ESP"]
[BlackTeamCountry "ESP"]

1. e4 c5 2. Nc3 Nc6 3. f4 g6 4. Nf3 Bg7 5. Bb5 Nd4 6. 0-0 Nxb5 7. Nxb5 d5 8. e5 a6 9. Nc3 Bf5 10. d4 c4 11. Qe2 Qd7 12. h3 h5 13. Nd1 Nh6 14. Nf2 Rc8 15. Nh2 c3 16. b3 Qb5 17. Re1 Qxe2 18. Rxe2 Bd7 19. g4 b5 20. Ba3 a5 21. Bc5 b4 22. a3 Bb5 23. Ree1 hxg4 24. hxg4 Rxc5 25. dxc5 Kd7 26. axb4 axb4 27. Red1 Kc6 28. Nd3 Bxd3 29. Rxd3 e6 30. Kg2 Rb8 31. Kg3 Bf8 32. Nf3 Bxc5 33. Rdd1 Ng8 34. Ng5 Ne7 35. Kf3 d4 36. Ne4 Bb6 37. Nf6 Rd8 38. Ke4 Rh8 39. Rh1 Rd8 40. Rh3 Nc8 41. Kd3 Na7 42. Rh7 Nb5 43. Rxf7 Na3 44. Ra2 Kb5 45. Re7 Bc5 46. Re8 Rxe8 47. Nxe8 1-0

[Event "Aragon-chT Preferente Gr-I"]
[Site "Aragon"]
[Date "2020.02.15"]
[Round "4.49"]
[White "Chine Infantes, Miguel Angel"]
[Black "Ciriano Lamban, Alejandro"]
[Result "1/2-1/2"]
[WhiteElo "1799"]
[BlackElo "2043"]
[PlyCount "43"]
[EventDate "2020.01.25"]
[EventType "team-tourn"]
[EventRounds "9"]
[EventCountry "ESP"]
[SourceTitle "EXT 2022"]
[Source "ChessBase"]
[SourceDate "2021.10.06"]
[SourceVersion "1"]
[SourceVersionDate "2021.10.06"]
[SourceQuality "1"]
[WhiteTeam "Fraga"]
[BlackTeam "Marcos Frechin"]
[WhiteTeamCountry "ESP"]
[BlackTeamCountry "ESP"]

1. e4 c5 2. Nf3 Nc6 3. c4 g6 4. Nc3 Bg7 5. d3 d6 6. Be2 e6 7. 0-0 Nge7 8. Bg5 h6 9. Be3 0-0 10. Qc1 Kh7 11. Rb1 f5 12. g3 e5 13. exf5 gxf5 14. Ne1 f4 15. gxf4 Bh3 16. Ng2 Ng6 17. Nd5 Nd4 18. Bxd4 exd4 19. Bf3 Nh4 20. Be4+ Kh8 21. Qd1 Re8 22. Qh5 1/2-1/2

[Event "Aragon-chT Preferente Gr-I"]
[Site "Aragon"]
[Date "2019.03.09"]
[Round "7.51"]
[White "Ciriano Lamban, Alejandro"]
[Black "Carruez Berges, Santiago"]
[Result "1/2-1/2"]
[WhiteElo "2041"]
[BlackElo "2024"]
[PlyCount "81"]
[EventDate "2019.01.26"]
[EventType "team-tourn"]
[EventRounds "9"]
[EventCountry "ESP"]
[SourceTitle "EXT 2020"]
[Source "ChessBase"]
[SourceDate "2019.10.17"]
[SourceVersion "1"]
[SourceVersionDate "2019.10.17"]
[SourceQuality "1"]
[WhiteTeam "Marcos Frechin"]
[BlackTeam "Agrupacion II"]
[WhiteTeamCountry "ESP"]
[BlackTeamCountry "ESP"]

1. d4 Nf6 2. Nf3 g6 3. c4 Bg7 4. g3 c5 5. Bg2 0-0 6. 0-0 cxd4 7. Nxd4 Nc6 8. Nc3 Qb6 9. Nb3 d6 10. Be3 Qd8 11. Rc1 Be6 12. c5 d5 13. Nd4 Ng4 14. Nxe6 fxe6 15. Bg5 Bf6 16. Bxf6 Rxf6 17. e4 d4 18. Qxg4 dxc3 19. Rxc3 Qd2 20. Qd1 Qxb2 21. Qb3 Qd2 22. Rc2 Qd7 23. Rb2 Qd4 24. Rc2 Rb8 25. Qc3 e5 26. Qxd4 Nxd4 27. Rb2 Rc6 28. Rfb1 Rxc5 29. Rxb7 Rc1+ 30. Rxc1 Rxb7 31. Bf1 Kf7 32. Kg2 Kf6 33. Rc8 h5 34. h4 Rb2 35. Bc4 e6 36. Rf8+ Kg7 37. Ra8 Rb7 38. a4 Rc7 39. Bb5 Nxb5 40. axb5 Rb7 41. Kf3 1/2-1/2

[Event "Aragon-chT Preferente Gr-I"]
[Site "Aragon"]
[Date "2019.03.02"]
[Round "6.34"]
[White "Ciriano Lamban, Alejandro"]
[Black "Arpa Pardo, Emilio"]
[Result "1-0"]
[WhiteElo "2041"]
[BlackElo "1900"]
[PlyCount "109"]
[EventDate "2019.01.26"]
[EventType "team-tourn"]
[EventRounds "9"]
[EventCountry "ESP"]
[SourceTitle "EXT 2020"]
[Source "ChessBase"]
[SourceDate "2019.10.17"]
[SourceVersion "1"]
[SourceVersionDate "2019.10.17"]
[SourceQuality "1"]
[WhiteTeam "Marcos Frechin"]
[BlackTeam "Teruel II"]
[WhiteTeamCountry "ESP"]
[BlackTeamCountry "ESP"]

1. Nf3 Nf6 2. c4 c6 3. g3 d5 4. Bg2 dxc4 5. a4 Bf5 6. Na3 e6 7. Nxc4 Bb4 8. 0-0 Nbd7 9. d3 a5 10. Bf4 Qe7 11. Nfe5 Rc8 12. e4 Bg6 13. Bg5 Nxe5 14. Nxe5 Qc7 15. Ng4 Nxg4 16. Qxg4 0-0 17. h4 f5 18. Qe2 Bd6 19. h5 Bf7 20. d4 fxe4 21. Bxe4 Bxg3 22. fxg3 Qxg3+ 23. Qg2 Qxg2+ 24. Kxg2 Bxh5 25. Rxf8+ Rxf8 26. Rf1 Rxf1 27. Kxf1 Bd1 28. Bd8 Bxa4 29. Bxa5 Bd1 30. Kf2 Kf7 31. Kg3 h6 32. Kf4 Be2 33. Ke5 g5 34. Bd8 Bc4 35. b4 Be2 36. Kd6 Ke8 37. Kc7 Ba6 38. Bg6+ Kf8 39. Bf6 g4 40. Be5 Ke7 41. Bh5 Be2 42. Kxb7 Bf3 43. Kc7 Kf8 44. Kd6 Bd5 45. Bxg4 Kf7 46. Bh5+ Kf8 47. Be2 Kf7 48. Bh5+ Kf8 49. Bf4 Kg7 50. Ke7 Bc4 51. Be5+ Kh7 52. Kf7 Bd3 53. Kxe6 Be4 54. Kd6 Kg8 55. Be8 1-0

[Event "Aragon-chT Preferente Gr-I"]
[Site "Aragon"]
[Date "2019.02.09"]
[Round "3.46"]
[White "Ciriano Lamban, Alejandro"]
[Black "Fernandez Rubio, Rafael"]
[Result "1-0"]
[WhiteElo "2041"]
[BlackElo "2054"]
[PlyCount "59"]
[EventDate "2019.01.26"]
[EventType "team-tourn"]
[EventRounds "9"]
[EventCountry "ESP"]
[SourceTitle "EXT 2020"]
[Source "ChessBase"]
[SourceDate "2019.10.17"]
[SourceVersion "1"]
[SourceVersionDate "2019.10.17"]
[SourceQuality "1"]
[WhiteTeam "Marcos Frechin"]
[BlackTeam "Tauste"]
[WhiteTeamCountry "ESP"]
[BlackTeamCountry "ESP"]

1. Nf3 d5 2. c4 c6 3. g3 Nf6 4. Bg2 e6 5. 0-0 Be7 6. d4 0-0 7. Nbd2 b6 8. Qc2 Bb7 9. e4 dxc4 10. Nxc4 c5 11. e5 Nd5 12. dxc5 Bxc5 13. Ng5 g6 14. Ne4 Be7 15. Bh6 Re8 16. Ncd6 Ba6 17. Rfd1 Nd7 18. Nxe8 Qxe8 19. Nd6 Bxd6 20. exd6 Bb7 21. Qd2 f6 22. Rac1 Qb8 23. Rc7 Ne5 24. Rdc1 Nf7 25. Bxd5 Bxd5 26. d7 Ne5 27. Rc8+ Kf7 28. Qxd5 exd5 29. d8Q Qb7 30. R1c7+ 1-0

[Event "Aragon-chT Preferente A"]
[Site "Aragon"]
[Date "2016.03.05"]
[Round "6.42"]
[White "Ciriano Lamban, Alejandro"]
[Black "Romero Pallares, Daniel"]
[Result "0-1"]
[WhiteElo "2004"]
[BlackElo "2135"]
[PlyCount "100"]
[EventDate "2016.01.30"]
[EventType "team-tourn"]
[EventRounds "9"]
[EventCountry "ESP"]
[SourceTitle "EXT 2018"]
[Source "ChessBase"]
[SourceDate "2017.10.13"]
[SourceVersion "1"]
[SourceVersionDate "2017.10.13"]
[SourceQuality "1"]
[WhiteTeam "Marcos Frechin"]
[BlackTeam "Palacio de Pioneros"]
[WhiteTeamCountry "ESP"]
[BlackTeamCountry "ESP"]

1. d4 g6 2. c4 Bg7 3. Nc3 Nf6 4. e4 d6 5. f3 0-0 6. Be3 c5 7. d5 a6 8. Qd2 Qa5 9. Bd3 Nbd7 10. Nge2 Ne5 11. 0-0 b5 12. cxb5 axb5 13. Bxb5 Ba6 14. Bxa6 Qxa6 15. b3 Rfb8 16. Rfd1 Ne8 17. Rab1 Nc7 18. Bg5 Re8 19. Kh1 Rab8 20. Be3 Rb7 21. f4 Nd7 22. Qd3 Ra8 23. Qxa6 Nxa6 24. a4 Rab8 25. Nb5 Nc7 26. Nec3 Bxc3 27. Nxc3 Rxb3 28. Bd2 R8b4 29. Rxb3 Rxb3 30. Rb1 c4 31. Rxb3 cxb3 32. Kg1 b2 33. Be3 Nf6 34. Bd4 Nxe4 35. Nb1 Nxd5 36. Bxb2 Nxf4 37. Kf1 Kf8 38. a5 Nc5 39. Bd4 Nfe6 40. Be3 Ke8 41. Nc3 Na6 42. Nd5 Kd7 43. Ke2 Nec7 44. Nc3 Kc6 45. Kd3 Nd5 46. Bd4 e5 47. Bf2 Nxc3 48. Kxc3 d5 49. Bb6 Kb5 50. Bd8 Nc5 0-1

[Event "Aragon-chT Preferente B"]
[Site "Aragon"]
[Date "2014.03.08"]
[Round "7.64"]
[White "Landa Garriga, Francisco Javier"]
[Black "Ciriano Lamban, Alejandro"]
[Result "0-1"]
[WhiteElo "1857"]
[BlackElo "1818"]
[PlyCount "38"]
[EventDate "2014.01.25"]
[EventType "team-tourn"]
[EventRounds "9"]
[EventCountry "ESP"]
[SourceTitle "EXT 2015"]
[Source "ChessBase"]
[SourceDate "2014.11.20"]
[SourceVersion "1"]
[SourceVersionDate "2014.11.20"]
[SourceQuality "1"]
[WhiteTeam "Aragon ONCE II"]
[BlackTeam "Marcos Frechin"]
[WhiteTeamCountry "ESP"]
[BlackTeamCountry "ESP"]

1. e4 e5 2. Nf3 Nc6 3. d4 exd4 4. Bc4 Bc5 5. c3 Nf6 6. e5 d5 7. Bb5 Ne4 8. Nxd4 0-0 9. Bxc6 bxc6 10. 0-0 Ba6 11. Re1 f6 12. Be3 fxe5 13. Ne6 Bxe3 14. fxe3 Qf6 15. Nxf8 Qf2+ 16. Kh1 Rxf8 17. h3 Ng3+ 18. Kh2 Nf1+ 19. Kh1 Qg3 0-1

[Event "Aragon-chT Preferente B"]
[Site "Aragon"]
[Date "2013.03.09"]
[Round "7.56"]
[White "Ciriano Lamban, Alejandro"]
[Black "Merin Flores, Miguel Angel"]
[Result "1-0"]
[WhiteElo "1793"]
[BlackElo "1716"]
[PlyCount "51"]
[EventDate "2013.01.26"]
[EventType "team"]
[EventRounds "9"]
[EventCountry "ESP"]
[SourceTitle "EXT 2014"]
[Source "ChessBase"]
[SourceDate "2013.11.20"]
[SourceVersion "1"]
[SourceVersionDate "2013.11.20"]
[SourceQuality "1"]
[WhiteTeam "Marcos Frechin"]
[BlackTeam "Ejea"]
[WhiteTeamCountry "ESP"]
[BlackTeamCountry "ESP"]

1. b3 d5 2. Bb2 Nf6 3. e3 Bf5 4. f4 c6 5. Nf3 e6 6. Be2 Nbd7 7. 0-0 Bd6 8. Ne5 Bxe5 9. fxe5 Ne4 10. Nc3 Qc7 11. d4 Qd8 12. Nxe4 dxe4 13. Ba3 Qa5 14. Bd6 Qc3 15. Qc1 Qa5 16. c4 h5 17. Qb2 g5 18. Rad1 Qd8 19. d5 Qb6 20. Rxf5 exf5 21. e6 Qxe3+ 22. Kh1 0-0-0 23. exd7+ Kxd7 24. dxc6+ Kxc6 25. Qf6 Qb6 26. Be7+ 1-0